000
00291nam a22001217a 4500
020
_a
9789382226772
082
_a
627.02
_b
ALE/AG
100
_a
Alille,Alexandra
_9
1206
245
_a
Agriculture and Water Management
260
_a
New Delhi
_b
Random Exports
_c
2013
300
_a
320
942
_c
BK
999
_c
14684
_d
14684